000 00403nam a2200145 4500
020 _a9789348132017
082 _aM300 7
_bRES/A
245 _aAadujeevitham:
_bathijeevanathinte chalachithra sancharangal/
_cby Resmi G(ed.)
260 _aKozhikkode:
_bAtma books,
_c2025.
300 _a118p.
650 _aNovel Malayalam Study
650 _aLiterature Malayalam
650 _aLiterature
942 _cBK
999 _c181763
_d181763